| 000 | 00636nam a2200217Ia 4500 | ||
|---|---|---|---|
| 005 | 20250326144201.0 | ||
| 008 | 250326s9999 xx 000 0 und d | ||
| 020 | _a978-81-8158-110-5 | ||
| 037 | _aTextbook | ||
| 040 |
_aFMSL _beng _cFMSL |
||
| 041 |
_aeng _2eng |
||
| 084 |
_aX:87 P8 _qFMSL |
||
| 100 |
_aUberoi V. _9749206 |
||
| 245 | 0 |
_a7 mantras for peak performance: How to achieve compititive lead through culture :the leadership challange _cUberoi V. |
|
| 260 |
_aDehra _bDehra, Dun Natraj _c2007 |
||
| 300 | _a284p | ||
| 365 | _b295 | ||
| 650 | _aNovel | ||
| 942 |
_cTB _hX:87 P8 |
||
| 999 |
_c1302702 _d1302702 |
||